00356pab a2200133 454500008004000000100002300040245005700063260000900120300001500129362000800144650002100152700001900173773003000192180718b2009 xxu||||| |||| 00| 0 eng d aLima, Philomena de aWelcoming migrants? Migrant labour in rural Scotland c2009 ap.391-404. aJul aMigratory labour aWright, Sharon aSocial Policy and Society